Religion Quiz

Random Religion Quiz

Word Search: Deadly Sins Quiz Stats

 Plays Quiz not verified by Sporcle

Score 0/7 Timer 04:00
0 Plays Today
% Correct
Sloth
86.5%
Lust
84.6%
Gluttony
81%
Wrath
77.8%
Greed
77.6%
Envy
77.6%
Pride
72.2%

You're not logged in!

Compare scores with friends on all Sporcle quizzes.
OR
Log In

Show Comments

Extras

Created Jul 9, 2018ReportNominate
Tags:Seven Deadly, Word Search

Top Quizzes Today


Score Distribution

Your Account Isn't Verified!

In order to create a playlist on Sporcle, you need to verify the email address you used during registration. Go to your Sporcle Settings to finish the process.

Report this User

Report this user for behavior that violates our Community Guidelines.

Details: